000 00613nam a2200205Ia 4500
003 OSt
005 20241007055921.0
008 240925s9999 xx 000 0 und d
020 _aNA
040 _cسد
082 _a297.4 SAL
100 _aSelahee, Adel
245 0 _aIslami Tarz e Fiker: masael hayat, quran o sunnat ki roshani me (اسلامی طرز فکر: مسائل حیات، قرآن و سنت کی روشنی میں)
260 _aKarachi:
_bApkar Pk,
_c1999.
300 _a206p.
_bII
_fOriginal
500 _aNA
600 _aHumanities & Natural Science
650 _aReligion
942 _cBK
_2ddc
999 _c4726
_d4726